00976nam a2200217 a 450000100100000000500170001000800410002702000150006804000250008324501590010826000720026730000210033949000440036050400320040450400730043670000320050970000440054183000510058595201050063699900170074100004160120201002035648.0131007s2000 sp 000 0 spa d a8400079051 aDO-SdBNPbspacBNPHU00aLocalismo y globalización :baportes para una historia de los intelectuales en Iberoamérica /ceditores Mariano Plotkin y Ricardo González Leandri,. aMadrid :bConsejo Superior de Investigaciones Científicas,c2000. a302 p. ;c25 cm.1 aBiblioteca de historia de Américav21 aBibliografía : p. 282-302 aIncluye referencias bibliográficas y notas al pie de las páginas1 aPotkin, Marianoeed.9683741 aGonzález Leandri, Ricardoeed.968375 0aBiblioteca de historia de Américav21966078 001050718MOaGRbGRcCTd2013-10-11iLF1l0o p41601-10r2020-06-25w2020-06-25y1ZNo se presta c41091d41091